Habibti Tracklist - Statistics

General Stats
  • This quiz has been taken 5 times
  • The average score is 4 of 11
Answer Stats
Answer % Correct
Fortworth
75%
Classic
50%
Prioritizing
50%
Rusty Intro
50%
High Fives
25%
Hurrr Not Thurrr
25%
Slap The City
25%
White Bone
25%
WNBA
25%
Gen 5
0%
I'm Spent
0%
No matching quizzes found
Score Distribution
Percent of People with Each Score
Percentile by Number Answered
Your Score History
You have not taken this quiz